000 01019nam a2200229Ia 4500
001 L220-4037
003 IT-CnALBA
008 170116s9999||||xx |||||||||||||| ||und||
040 _aIT-CnALBA
_cIT-CnALBA
041 _aBILINGUE
100 _aBARUCH, PROFETA
245 0 _aLA SACRA BIBBIA. BARUCH.
250 _a1a ed.
260 _a TORINO - ROMA
_bMARIETTI EDITORE
_c1953 [1° Ed.:1953 - Ed.Ling.Originale: 1953]
300 _a60 p.
500 _aVOLGATA LATINA. TRADUZIONE DAI TESTI ORIGINALI. NOTE CRITICHE. COMMENTO. DIREZIONE GAROFALO SALVATORE. CURATORE ANGELO PENNA. ABBREVIAZIONI E TRASCRIZIONI. INTRODUZIONE.
501 _aSocietà San Paolo EM - Piazza San Paolo, 14 - 12051 ALBA (CN) (non commercial uses only) ® Copyright 2017
520 _aVOLGATA LATINA. TRADUZIONE DAI TESTI ORIGINALI. NOTE CRITICHE. COMMENTO. DIREZIONE GAROFALO SALVATORE. CURATORE ANGELO PENNA. ABBREVIAZIONI E TRASCRIZIONI. INTRODUZIONE.
650 _aBIBBIA - TESTI E COMMENTI
942 _cBK
957 _71
999 _a5015
_bNO
_g Copie: 1
_c263223
_d263223